| 000 | 00497nam a2200145Ia 4500 | ||
|---|---|---|---|
| 008 | 181022s9999 xx 000 0 und d | ||
| 020 | _a9789719808855 | ||
| 100 | _aBrawner, Dalisay G. | ||
| 245 |
_cDalisay G. Brawner, Analiza F. Arcega.-- _aUnderstanding the self / |
||
| 260 |
_aQuezon City : _bC & E publishing, Inc. _c2018 |
||
| 300 |
_a154 pages : _billustrations ; _c22 cm. |
||
| 500 | _aIncludes bibliographical references and index. | ||
| 650 | _aPersonality. | ||
| 650 | _aSelf-perception. | ||
| 999 |
_c359266 _d359266 |
||